000 00686nam0a22002291 4500
001 rc\979912
005 20250622064419.0
035 _a(NLR Aleph) 006148060
090 _a5732599
_c5732599
100 _a20041129d1982 |||y0rusy50 ca
101 0 _arus
102 _aRU
105 _aa |||||||||
200 1 _aКаждое мгновение!
_eРоман
_fПавел Халов
_g[Ил. В. Чайка]
210 _aХабаровск
_cКн. изд-во
_d1982
215 _a429 с.
_cил.
_d21
700 1 _aХалов
_bП.В.
_f1932-
_gПавел Васильевич
801 0 _aRU
_bNLR
_gpsbo
801 1 _aRU
_bELAR
_2rusmarc
852 _aNLR
_j83-3/2922
942 _cBOOK
980 _aNB